000 00594nam a2200253Ia 4500
005 20260121153659.0
008 008 260114s9999 xx 000 0 eng d
020 _a9780429258527
037 _aEBOOK
040 _aCRL
040 _beng
040 _cCRL
041 _2eng
041 _aeng
084 _qCRL
100 _aTwyman, R.
_9997790
245 0 _aPrinciples of Proteomics, 2nd ed.
260 _bTaylor and Francis
260 _c2014
856 _uhttp://www.taylorfrancis.com/books/9780429258527
942 _cEBOOK
999 _c1564609
_d1564609